Development performance investigation and optimization of solar water heater hybridized with conventional fuel / (Record no. 535678)

000 -LEADER
fixed length control field 00563nam a22001577a 4500
020 ## - INTERNATIONAL STANDARD BOOK NUMBER
Qualifying information Hard Cover.
082 ## - DEWEY DECIMAL CLASSIFICATION NUMBER
Classification number 630.0011
100 ## - MAIN ENTRY--PERSONAL NAME
Personal name Mehmood, Aamir
245 ## - TITLE STATEMENT
Title Development performance investigation and optimization of solar water heater hybridized with conventional fuel /
Statement of responsibility, etc. Aamir Mehmood.
260 ## - PUBLICATION, DISTRIBUTION, ETC.
Place of publication, distribution, etc. Islamabad :
Name of publisher, distributor, etc. CES - NUST,
Date of publication, distribution, etc. 2014.
300 ## - PHYSICAL DESCRIPTION
Extent xiv, 114 p. : ill. ;
Dimensions 30cm.
942 ## - ADDED ENTRY ELEMENTS (KOHA)
Source of classification or shelving scheme
Koha item type Thesis
650 ## - SUBJECT ADDED ENTRY--TOPICAL TERM
Topical term or geographic name entry element Energy Systems Engineering MS-Thesis
700 ## - ADDED ENTRY--PERSONAL NAME
Personal name Dr Adeel Waqas.
650 ## - SUBJECT ADDED ENTRY--TOPICAL TERM
-- 28880
700 ## - ADDED ENTRY--PERSONAL NAME
-- 28869
Holdings
Withdrawn status Lost status Source of classification or shelving scheme Damaged status Not for loan Permanent Location Current Location Shelving location Date acquired Total Checkouts Full call number Barcode Date last seen Price effective from Koha item type
          Central Library (CL) Central Library (CL) Thesis 09/21/2020   620.0011 CL-T-5818 09/21/2020 09/21/2020 Thesis
© 2023 Central Library, National University of Sciences and Technology. All Rights Reserved.